Carregando...

Electronic noses: Principles and applications

Detalhes bibliográficos
Autor principal: Gardner, Julian W; Bartlett, Philip N
Formato: Printed Book
Publicado em: Oxford University Press, Bombay 1999
Assuntos:
LEADER 00582nam a2200193 4500
020 |a 9780198559559  |c 245 
082 |a 681.2 GAR-E 
100 |a Gardner, Julian W; Bartlett, Philip N 
245 |a Electronic noses: Principles and applications 
250
260 |a Oxford University Press, Bombay  |c 1999 
300
490
500
590 |a rvr  |c 245 
650 |a Testing, measuring, sensing instruments 
942 |c BK 
999 |c 84165  |d 84165 
952 |0 0  |1 0  |4 0  |6 681_200000000000000_GARE  |7 0  |9 97633  |a PHY  |b PHY  |g 245.00  |l 0  |o 681.2 GAR-E  |p PHY05823  |r 2019-09-24  |w 2019-09-24  |y BK